Normal view MARC view
  • Imran,Sarah

Entry Personal Name

Number of records used in: 2

001 - CONTROL NUMBER

  • control field: 4968

003 - CONTROL NUMBER IDENTIFIER

  • control field: NUST

005 - DATE AND TIME OF LATEST TRANSACTION

  • control field: 20170925122958.0

008 - FIXED-LENGTH DATA ELEMENTS

  • fixed length control field: 170925|| aca||aabn | a|a d

040 ## - CATALOGING SOURCE

  • Original cataloging agency: NUST
  • Transcribing agency: NUST

100 ## - HEADING--PERSONAL NAME

  • Personal name: Imran,Sarah

670 ## - SOURCE DATA FOUND

  • Source citation: Work cat.: (NUST): Imran,Sarah, The interplay of consumer behavior and personality traits, 2013
© 2023 Central Library, National University of Sciences and Technology. All Rights Reserved.